| 000 | 00984cam a22002175a 4500 | ||
|---|---|---|---|
| 001 | L137259 | ||
| 008 | 070327s2007 xxkao f 000 0 eng d | ||
| 020 | _a9781860819537 | ||
| 035 | _a(Sirsi) u137259 | ||
| 041 | 0 | _aeng | |
| 050 | 0 | 4 | _a690.25 $2 18 |
| 100 | 1 | _aHarrison, Harry | |
| 245 | 0 | 0 |
_aPlasterboard _bfixing and finishing non-separating walls and floors |
| 260 |
_aWatford _bIHS BRE Press _c2007 |
||
| 300 |
_a6p. _bill _c30cm. |
||
| 490 | 0 |
_aBRE Good Building Guide _v70(2) |
|
| 520 | _aCovers general points on fixing and finishing of plasterboard, using illustrations for walls and floors which do not have any separating or compartmental function, that is to say mainly those in detached houses and bungalows and ceilings in terraced housing. Discusses boarding of ceilings before dealing with drylining to masonry and fixing to stud walls. | ||
| 651 | 4 |
_aUnited Kingdom _y |
|
| 690 | _aBUILT ENVIRONMENT-BUILDING MATERIALS-NON CEMENTITIOUS MATERIALS | ||
| 942 | _n0 | ||
| 999 |
_c106705 _d106705 |
||